| 000 | 02579nam0a2200337 4500 | ||
|---|---|---|---|
| 001 | RU\NLR\bibl\1413596 | ||
| 005 | 20260607053107.0 | ||
| 010 |
_a978-5-91143-509-7 _9500 |
||
| 021 |
_aRU _b2009-55539 _93423 |
||
| 035 | _a(NLR Aleph) 001405569 | ||
| 090 |
_a1249754 _c1249754 |
||
| 100 | _a20090917d2009 |||y0rusy50 ca | ||
| 101 | 0 | _arus | |
| 102 | _aRU | ||
| 105 | _aa ||||||||| | ||
| 200 | 1 |
_aВзаимодействие личности, общества и образования в современных социокультурных условиях _eмежвузовский сборник научных трудов _e[материалы XII ежегодной Международной научно-практической конференции "Личность. Общество. Образование", (20-21 мая 2009, г. Санкт-Петербург, ЛОИРО) _fредкол.: к. ист. н., проф. С.А. Лисицын (пред.), к. пед. н., доц. З.Г. Найденова _gсост.: З.Г. Найденова] |
|
| 210 |
_aСанкт-Петербург _cЛенинградский областной институт развития образования _d2009 |
||
| 215 |
_a399 с. _cил. _d20 |
||
| 300 | _aВ надзаг.: Ассоц. "Унив. образоват. округ Санкт-Петербурга и Ленинград. обл.", Ленинград. обл. ин-т развития образования, Рос. гос. пед. ун-т им. А.И. Герцена | ||
| 320 | _aБиблиогр. в конце докл. | ||
| 606 | 1 |
_aОбразование _jСъезды, совещания и т.п. _yРоссийская Федерация _92296847 _3RU\NLR\auth\661375304 |
|
| 686 | _aЧ34(2Р)я431 | ||
| 702 | 1 |
_aНайденова _bЗ. Г. _gЗоя Георгиевна _4220 |
|
| 702 | 1 |
_4340 _7ca _8rus _aЛисицын _bС. А. _cканд. ист. наук _gСергей Александрович _915068 _3RU\NLR\auth\7732058 |
|
| 711 | 1 | 2 |
_a"Личность. Общество. Образование", международная научно-практическая конференция _d12 _eСанкт-Петербург _f2009 _9770738 _3RU\NLR\AUTH\8810137666 |
| 712 | 0 | 2 |
_4570 _aЛенинградский областной институт развития образования _cСанкт-Петербург _9462050 _3RU\NLR\AUTH\889983074 |
| 801 | 0 |
_aRU _bNLR _c20090917 _gRCR |
|
| 801 | 1 |
_aRU _bNLR _c20090917 |
|
| 942 | _cBOOK | ||
| 980 | _aNB | ||